Analysis of the interaction SME and housing and communal services in Ukraine

Interakcia medzi malými podnikmi, domácnosťami a komunálnymi službami na Ukrajine. Štátne byty a komunálne hospodárstvo. Pozícia malých podnikov na Ukrajine. Podmienené partnerstvo medzi malými podnikmi a domácnosťami.

Salvato in:
Dettagli Bibliografici
Autore principale: Griekhovodova, Oleksandra
Natura: Capitolo di libro
Lingua:inglese
Soggetti:
Tags: Aggiungi Tag
Nessun Tag, puoi essere il primo ad aggiungerne!!

MARC

LEADER 00000nla$a2200000$$$4500
001 0144195
005 20221103133903.9
041 0 |a eng 
044 |a SK 
245 1 0 |a Analysis of the interaction SME and housing and communal services in Ukraine  |c Oleksandra Griekhovodova 
520 |a Interakcia medzi malými podnikmi, domácnosťami a komunálnymi službami na Ukrajine. Štátne byty a komunálne hospodárstvo. Pozícia malých podnikov na Ukrajine. Podmienené partnerstvo medzi malými podnikmi a domácnosťami. 
610 2 0 |a podnik malý 
610 2 0 |a podnikanie 
610 2 0 |a kapitál 
610 2 0 |a služby komunálne 
610 2 0 |a hospodárstvo trhové 
610 2 0 |a Ukrajina 
100 1 |a Griekhovodova, Oleksandra